Lineage of English Monarchs - Statistics

General Stats
  • This quiz has been taken 15 times
  • The average score is 38 of 63
Answer Stats
Hint Answer % Correct
Ed Edward
92%
El I Elizabeth I
92%
He Henry I
92%
HeII Henry II
92%
HeIII Henry III
92%
HeIV Henry IV
92%
HeV Henry V
92%
HeVI Henry VI
92%
HVII Henry VII
92%
HVIII Henry VIII
92%
Ri Richard I
92%
RIII Richard III
92%
ElII Elizabeth II
85%
G George
85%
GII George II
85%
GIII George III
85%
GV George V
85%
KCIII King Charles III
85%
RII Richard II
85%
W William I
85%
WIl William II
85%
CI Charles I
77%
CII Charles II
77%
EI Edward I
77%
EII Edward II
77%
EIII Edward III
77%
Ed Edward V
77%
EVI Edward VI
77%
GIV George IV
77%
GVI George VI
77%
J John
77%
S Stephen
77%
ATG Alfred The Great
69%
EdIV Edward IV
69%
EVII Edward VII
69%
EVIII Edward VIII
69%
M Mary I
69%
V Victoria
69%
WIV William IV
62%
Edg Edgar
54%
Edm Edmund
54%
ETC Edward The Confessor
46%
OC Oliver Cromwell
46%
WIII+MII WIlliam III and Mary II
46%
A Anne
38%
At Athelstan
38%
Ea Eadred
38%
H Harold I
38%
HII Harold II
38%
RC Richard Cromwell
31%
Aeth Aethelbert
23%
Ead Eadwig
23%
Eg Egbert
23%
Aethe Aethelred I
15%
ETM Edward the Martyr
15%
Ha Harthacanute
15%
Aet Aethelbald
8%
Ae Aethelwulf
8%
CTD Canute The Dane
8%
EI Edmund II Ironside
8%
ATH Aethelred II The Unready
0%
JI+JVI James I and James VI of Scotland
0%
JII+JVII James II and VII of Scotland
0%
No matching quizzes found
Score Distribution
Percent of People with Each Score
Percentile by Number Answered
Your Score History
You have not taken this quiz